Technological aspects of Mn-doped MgAl2O4 luminescent spinel ceramics fabricated by arc plasma synthesis method; Ceramics International; Vol. 51, iss. 24, pt. B

Xehetasun bibliografikoak
Parent link:Ceramics International.— .— Amsterdam: Elsevier Science Publishing Company Inc.
Vol. 51, iss. 24, pt. B.— 2025.— P. 42916-42924
Beste egile batzuk: Valiev D. T. Damir Talgatovich, Shekhovtsov V. V. Valentin Valerjevich, Sharafeev Sh. M. Sharif Mnirovich, Stepanov S. A. Sergey Aleksandrovich
Gaia:The present work is a study of Mn-doped MgAl2O4 luminescent ceramics fabricated by arc plasma synthesis. As a result, polycrystalline materials with a narrow “green” emission band (λmax = 520 nm, FWHM ∼32 nm) and high photoluminescence efficiency (up to 7.2 %) were obtained. It was found that the optimal synthesis parameters (current 140 A, time 60 s, supplied energy ∼850 kJ) provide a uniform distribution of Mn2+ in the tetrahedral positions of the spinel, while excess energy leads to degradation of the luminescent centers. X-ray phase and Raman analyses confirmed the formation of a pure spinel phase with a high degree of cationic disorder. An inverse correlation was found between the green luminescence of Mn2+ (λem = 520 nm) and the weak infrared radiation (λem = 760 nm). The possible nature of emission properties of Mn-doped MgAl2O4 ceramics was discussed in detail
Текстовый файл
AM_Agreement
Hizkuntza:ingelesa
Argitaratua: 2025
Gaiak:
Sarrera elektronikoa:https://doi.org/10.1016/j.ceramint.2025.07.035
Formatua: Baliabide elektronikoa Liburu kapitulua
KOHA link:https://koha.lib.tpu.ru/cgi-bin/koha/opac-detail.pl?biblionumber=684104

MARC

LEADER 00000naa0a2200000 4500
001 684104
005 20251225092747.0
090 |a 684104 
100 |a 20251225d2025 k||y0rusy50 ba 
101 1 |a eng 
102 |a NL 
135 |a drcn ---uucaa 
181 0 |a i   |b  e  
182 0 |a b 
183 0 |a cr  |2 RDAcarrier 
200 1 |a Technological aspects of Mn-doped MgAl2O4 luminescent spinel ceramics fabricated by arc plasma synthesis method  |f D. Valiev, V. Shekhovtsov, Sh Sharafeev, S. Stepanov 
203 |a Текст  |b визуальный  |c электронный 
283 |a online_resource  |2 RDAcarrier 
320 |a References: 47 tit 
330 |a The present work is a study of Mn-doped MgAl2O4 luminescent ceramics fabricated by arc plasma synthesis. As a result, polycrystalline materials with a narrow “green” emission band (λmax = 520 nm, FWHM ∼32 nm) and high photoluminescence efficiency (up to 7.2 %) were obtained. It was found that the optimal synthesis parameters (current 140 A, time 60 s, supplied energy ∼850 kJ) provide a uniform distribution of Mn2+ in the tetrahedral positions of the spinel, while excess energy leads to degradation of the luminescent centers. X-ray phase and Raman analyses confirmed the formation of a pure spinel phase with a high degree of cationic disorder. An inverse correlation was found between the green luminescence of Mn2+ (λem = 520 nm) and the weak infrared radiation (λem = 760 nm). The possible nature of emission properties of Mn-doped MgAl2O4 ceramics was discussed in detail 
336 |a Текстовый файл 
371 0 |a AM_Agreement 
461 1 |t Ceramics International  |c Amsterdam  |n Elsevier Science Publishing Company Inc. 
463 1 |t Vol. 51, iss. 24, pt. B  |v P. 42916-42924  |d 2025 
610 1 |a MgAl2O4 spinel ceramics 
610 1 |a Thermal plasma 
610 1 |a Synthesis technique 
610 1 |a Photoluminescence 
610 1 |a труды учёных ТПУ 
610 1 |a электронный ресурс 
701 1 |a Valiev  |b D. T.  |c specialist in the field of material science  |c Associate Professor of Tomsk Polytechnic University, Candidate of Physical and Mathematical Sciences  |f 1987-  |g Damir Talgatovich  |9 17370 
701 1 |a Shekhovtsov  |b V. V.  |g Valentin Valerjevich 
701 1 |a Sharafeev  |b Sh. M.  |c chemical engineer  |c Engineer of Tomsk Polytechnic University, Candidate of Technical Sciences  |f 1994-  |g Sharif Mnirovich  |9 22455 
701 1 |a Stepanov  |b S. A.  |c specialist in the field of lightning engineering  |c Engineer of Tomsk Polytechnic University  |f 1986-  |g Sergey Aleksandrovich  |9 17369 
801 0 |a RU  |b 63413507  |c 20251225 
850 |a 63413507 
856 4 |u https://doi.org/10.1016/j.ceramint.2025.07.035  |z https://doi.org/10.1016/j.ceramint.2025.07.035 
942 |c CF